Digital image processing
Gorde:
| Egile Nagusiak: | , |
|---|---|
| Formatua: | Liburua |
| Hizkuntza: | ingelesa |
| Argitaratua: |
Upper Saddle River
Pearson Education
2008
|
| Edizioa: | 3a. ed |
| Gaiak: | |
| Etiketak: |
Etiketa erantsi
Etiketarik gabe, Izan zaitez lehena erregistro honi etiketa jartzen!
|
MARC
| LEADER | 00000cam a2200000 a 4500 | ||
|---|---|---|---|
| 001 | UCI6868 | ||
| 003 | CL-VaPUC | ||
| 008 | 080530e20080000us |||||||||||||||||eng|d | ||
| 020 | |a 013168728X | ||
| 020 | |a 9780131687288 | ||
| 082 | 0 | 4 | |a 621.367 |b GON |2 21 |
| 100 | |a González, Rafael C |e author |9 359877 | ||
| 700 | 0 | |a Woods, Richard E |e author |9 529903 | |
| 245 | 1 | 0 | |a Digital image processing |
| 250 | |a 3a. ed | ||
| 300 | |a 954 p | ||
| 942 | |c BK | ||
| 945 | |d 20080530 00:00:00 |a cmena | ||
| 260 | |a Upper Saddle River |b Pearson Education |c 2008 | ||
| 650 | 0 | |a Procesamiento de imágenes |9 316062 | |
| 650 | 0 | |a Aplicaciones de computadores |9 260401 | |
| 650 | 7 | |a IMAGENES DIGITALES |2 CL-VaPUC |9 472921 | |
| 650 | 0 | |a Electromagnetismo |9 260123 | |
| 650 | 7 | |a RESTAURACION DE IMAGENES |2 CL-VaPUC |9 529905 | |
| 583 | |a last modification |c 20130821 06:54:12 |k Rodrigo Vera | ||
| 999 | |c 330314 |d 330312 | ||
| 952 | |0 0 |1 0 |4 0 |6 621_367000000000000_GON_2008 |7 0 |8 A |9 415809 |a BIBGIM |b BIBGIM |d 2019-11-22 |i 4445031 |o 621.367 GON 2008 |p 4445031 |r 2025-01-15 |w 2019-11-22 |y BK |k EST | ||
| 952 | |0 0 |1 0 |4 0 |6 621_367000000000000_GON_2008 |7 0 |8 A |9 415810 |a BIBING |b BIBING |d 2019-11-22 |i 4507878 |o 621.367 GON 2008 |p 4507878 |r 2025-01-20 |w 2019-11-22 |y BK |k EIE | ||
| 952 | |0 0 |1 0 |3 erb |4 0 |6 621_367000000000000_GON_2008 |7 0 |8 A |9 415811 |a BIBING |b BIBING |d 2019-11-22 |i 5000149 |l 1 |o 621.367 GON 2008 |p 5000149 |r 2025-01-20 |s 2023-08-04 |w 2019-11-22 |y BK |z Catalogado en:20130829 |k EIE | ||